[Event "Ludwigshafen-ch 21st"]
[Site "Ludwigshafen"]
[Date "2007.09.01"]
[Round "4"]
[White "Achatz, Michael"]
[Black "Chitzios, Grigorios"]
[Result "1-0"]
[WhiteElo "1869"]
[BlackElo "1409"]
[PlyCount "63"]
[EventDate "2007.08.25"]
[EventType "swiss"]
[EventRounds "7"]
[EventCountry "GER"]
[SourceTitle "EXT 2008"]
[Source "ChessBase"]
[SourceDate "2007.11.25"]
[SourceVersion "1"]
[SourceVersionDate "2007.11.25"]
[SourceQuality "1"]

1. d4 c5 2. c4 cxd4 3. Qxd4 Nc6 4. Qd1 Nf6 5. Nf3 e5 6. e3 Bb4+ 7. Bd2 0-0 8. a3 Be7 9. Nc3 d5 10. cxd5 Nxd5 11. e4 Nf6 12. Be2 Bg4 13. Bg5 Bxf3 14. Bxf3 Nd4 15. 0-0 a6 16. g3 Nxf3+ 17. Qxf3 Qb6 18. Bxf6 Qxf6 19. Qxf6 Bxf6 20. Nd5 Bd8 21. Rac1 f5 22. exf5 Rxf5 23. Rc2 e4 24. Nc3 Re5 25. Re1 Bb6 26. Rxe4 Rxe4 27. Nxe4 Rd8 28. Kg2 Rd4 29. Nc5 Bxc5 30. Rxc5 b5 31. Rc6 a5 32. Rc5 1-0

[Event "Stuttgart-chB int"]
[Site "Ditzingen"]
[Date "2006.05.27"]
[Round "5"]
[White "Chitzios, Grigorios"]
[Black "Werner, Philipp"]
[Result "1/2-1/2"]
[WhiteElo "1460"]
[BlackElo "1153"]
[PlyCount "108"]
[EventDate "2006.05.25"]
[EventType "swiss"]
[EventRounds "7"]
[EventCountry "GER"]
[SourceTitle "EXT 2018"]
[Source "ChessBase"]
[SourceDate "2017.10.13"]
[SourceVersion "1"]
[SourceVersionDate "2017.10.13"]
[SourceQuality "1"]

1. e4 d6 2. d4 Nf6 3. Nc3 g6 4. Bg5 c6 5. Bc4 Bg7 6. Nf3 Qb6 7. Bb3 Nbd7 8. e5 dxe5 9. dxe5 Ng4 10. 0-0 Ngxe5 11. Re1 Nxf3+ 12. Qxf3 f6 13. Bf4 e5 14. Re2 f5 15. Be3 Qc7 16. Rae1 Nf6 17. Bd4 Ng4 18. Qg3 f4 19. Qxf4 Bf5 20. Qc1 0-0-0 21. Be3 e4 22. Bf4 Be5 23. g3 Bxf4 24. Qxf4 Qxf4 25. gxf4 Nf6 26. f3 exf3 27. Re3 Bg4 28. Be6+ Bxe6 29. Rxe6 Nd5 30. Nxd5 Rxd5 31. Kf2 Rd2+ 32. Kxf3 Rxc2 33. R1e2 Rxe2 34. Rxe2 Rf8 35. Kg4 h5+ 36. Kg5 Rf5+ 37. Kxg6 Rxf4 38. Kxh5 Rf5+ 39. Kg6 Rf1 40. h4 Rg1+ 41. Kh6 Kd7 42. h5 b6 43. Kh7 c5 44. h6 a6 45. b3 b5 46. Rd2+ Ke7 47. Rd5 c4 48. bxc4 bxc4 49. Rc5 Rg4 50. Rc7+ Kf8 51. Rg7 Rf4 52. Rg3 Kf7 53. Kh8 Rh4 54. h7 Re4 1/2-1/2

[Event "Ditzingen op-B"]
[Site "Ditzingen"]
[Date "2006.05.25"]
[Round "1.4"]
[White "Chitzios, Grigorios"]
[Black "Bathray, Johannes"]
[Result "0-1"]
[WhiteElo "1460"]
[BlackElo "1881"]
[PlyCount "52"]
[EventDate "2006.05.25"]
[EventType "swiss"]
[EventRounds "7"]
[EventCountry "GER"]
[SourceTitle "CBM 112 Extra"]
[Source "ChessBase"]
[SourceDate "2006.07.14"]
[SourceVersion "1"]
[SourceVersionDate "2006.07.14"]
[SourceQuality "1"]

1. e4 c5 2. Nc3 g6 3. Bc4 Bg7 4. Nf3 Nc6 5. a3 d6 6. d3 e6 7. h3 Nge7 8. 0-0 0-0 9. Bd2 a6 10. Qc1 b5 11. Ba2 Bb7 12. Bh6 Rc8 13. Bxg7 Kxg7 14. Ng5 Nd4 15. b4 cxb4 16. axb4 Rxc3 17. Qb2 Qc7 18. f4 h6 19. Nf3 Nxf3+ 20. Rxf3 Kh7 21. Bb3 d5 22. f5 exf5 23. exf5 Nxf5 24. Raf1 Nd4 25. Rf6 Ne2+ 26. Kf2 Qe5 0-1

[Event "Stuttgart-chB int"]
[Site "Ditzingen"]
[Date "2005.05.06"]
[Round "4"]
[White "Schnorr, Christian"]
[Black "Chitzios, Grigorios"]
[Result "0-1"]
[WhiteElo "1226"]
[BlackElo "1476"]
[PlyCount "110"]
[EventDate "2005.05.05"]
[EventType "swiss"]
[EventRounds "7"]
[EventCountry "GER"]
[SourceTitle "EXT 2018"]
[Source "ChessBase"]
[SourceDate "2017.10.13"]
[SourceVersion "1"]
[SourceVersionDate "2017.10.13"]
[SourceQuality "1"]

1. e4 e5 2. Nf3 d5 3. exd5 e4 4. Qe2 Nf6 5. Nc3 Bd6 6. Nxe4 0-0 7. Qc4 Nxe4 8. Bd3 Ng5 9. Be2 b6 10. d3 Nxf3+ 11. Bxf3 Re8+ 12. Be3 a5 13. 0-0 Bd7 14. Rfe1 b5 15. Qc3 Bb4 16. Qd4 Bxe1 17. Rxe1 Bc6 18. c3 Bb7 19. Kf1 Nd7 20. Bf4 Rxe1+ 21. Kxe1 Qf6 22. Qxf6 Nxf6 23. Bxc7 Bxd5 24. Bxd5 Nxd5 25. Kd2 Nxc7 26. c4 Rd8 27. Kc3 b4+ 28. Kc2 Ne6 29. b3 Nc5 30. Kd2 Rxd3+ 31. Ke2 Rc3 32. Kd2 Ne4+ 33. Ke2 Rc2+ 34. Kd3 Nc3 35. c5 Kf8 36. Kd4 Ke7 37. Ke5 f6+ 38. Kd4 Rxa2 39. Kd3 Rxf2 40. Ke3 Rxg2 41. Kf3 Rxh2 42. Kg3 Rb2 43. c6 Rxb3 44. c7 Kd7 45. c8Q+ Kxc8 46. Kf2 a4 47. Ke1 a3 48. Kd2 Rb1 49. Kc2 a2 50. Kd3 a1Q 51. Kc4 Nd1 52. Kb5 Qe5+ 53. Kc4 Rc1+ 54. Kxb4 Qb8+ 55. Ka3 Ra1# 0-1

[Event "Stuttgart-chB int"]
[Site "Ditzingen"]
[Date "2005.05.05"]
[Round "1"]
[White "Chitzios, Grigorios"]
[Black "Koss, Dietrich"]
[Result "0-1"]
[WhiteElo "1476"]
[BlackElo "1813"]
[PlyCount "102"]
[EventDate "2005.05.05"]
[EventType "swiss"]
[EventRounds "7"]
[EventCountry "GER"]
[SourceTitle "EXT 2018"]
[Source "ChessBase"]
[SourceDate "2017.10.13"]
[SourceVersion "1"]
[SourceVersionDate "2017.10.13"]
[SourceQuality "1"]

1. e4 e5 2. Nf3 Nc6 3. Bc4 Bc5 4. Nc3 Nf6 5. 0-0 0-0 6. a3 Qe7 7. b4 Bb6 8. d3 h6 9. Nh4 d5 10. exd5 Nd4 11. Ng6 Qd6 12. Nxf8 Bg4 13. Qd2 Bf3 14. Nb5 Nxb5 15. Bxb5 Bxg2 16. Kxg2 Qxd5+ 17. f3 Qxb5 18. c4 Qc6 19. c5 Rd8 20. cxb6 axb6 21. Bb2 Qb5 22. Rad1 Kxf8 23. Rfe1 Rd5 24. Qc2 Nh5 25. Qc4 Qe8 26. Kh1 c6 27. Qe4 f6 28. Qh7 Qd7 29. Rg1 Qh3 30. Rdf1 c5 31. Bc1 c4 32. Bxh6 Ng3+ 33. Rxg3 Qxf1+ 34. Rg1 Qxf3+ 35. Rg2 gxh6 36. Qxh6+ Ke8 37. Kg1 Rxd3 38. Qh8+ Kd7 39. Rg7+ Kc6 40. Qe8+ Kd5 41. Qd7+ Ke4 42. Qxb7+ Kf4 43. Qxf3+ Kxf3 44. h4 c3 45. Rc7 Rd1+ 46. Kh2 Rd2+ 47. Kh3 c2 48. Rc3+ Kf4 49. a4 e4 50. a5 bxa5 51. bxa5 Rd3+ 0-1